000 00507nam a2200181Ia 4500
005 20250326141230.0
008 250326s9999 xx 000 0 und d
037 _aTextbook
040 _aFMSL
_beng
_cFMSL
041 _aeng
_2eng
084 _aZ2673 N4
_qFMSL
100 _aNair K R G
245 0 _aIntellectual property rights
_cNair K R G; Ashok Kumar; Kumar A
260 _aNew Delhi
_bNew Delhi, Allied
_c1994
300 _a363p
942 _cTB
_hZ2673 N4
999 _c1289345
_d1289345